000 00571nam a22001817a 4500
003 OSt
005 20260122044759.0
008 260122b |||||||| |||| 00| 0 eng d
020 _a9780091910488
040 _aDWC-Main lib
_cOC
082 _aCirc. 153.3 D287h 2007
100 _aDe Bone, Edward
245 _aHow to have creative ideas :
_b62 exercise to develop the mind/
_cEdward De Bone
260 _aLondon:
_bRandom house group,
_c,c2007.
300 _a180 pages :
_b illustrations ;
_c21cm.
650 _a1. Creative thinking
942 _2ddc
_cBK-CIRC
_kCirc.
_n0
999 _c7686
_d7686